Management principles and practices

Bibliographic Details
Main Author: Holt, David H.
Format: Book
Published: London : Prentice Hall , 1990
Edition:2nd ed.
Subjects:

MARC

LEADER 00000cam a2200000 7i4500
001 0000009318
005 20170104.0
020 |a 0135468477 
040 |a INS 
090 0 0 |a HD31   |b H65 1990 
100 1 |a Holt, David H. 
245 1 0 |a Management principles and practices   |c David H. Holt 
250 |a 2nd ed. 
260 |a London :   |b Prentice Hall ,   |c 1990 
300 |a 708p ;   |c 40cm. 
650 0 0 |a Management 
999 |a 0000023742   |b BOOK   |c Open Shelf   |e Default branch